La biblioteca digital /
Obra en que se hace una introducción a qué son y cómo se conforman las bibliotecas digitales, entendidas éstas como el conjunto de documentos, materiales, publicaciones, recursos u objetos digitales existentes en servidores accesibles a través de redes, que necesita ser organizado para que cualquier...
Guardado en:
| Autor principal: | |
|---|---|
| Otros autores: | |
| Formato: | Libro |
| Idioma: | Español |
| Publicado: |
Madrid, España :
Arco Libros,
2001, c2001
|
| Colección: | (Instrumenta Bibliológica)
|
| Temas: | |
| Etiquetas: |
Sin etiquetas, Sé el primero en etiquetar este registro!
|
MARC
| LEADER | 00000nam^a2200000^a^4500 | ||
|---|---|---|---|
| 001 | 000184730 | ||
| 005 | 20250521000000.0 | ||
| 009 | 20260310102126.748 | ||
| 020 | |a 84-7635-486-X | ||
| 037 | |a Acervo ITESO - Biblioteca | ||
| 041 | |a ESP | ||
| 082 | |a 025. 04 |b GAR | ||
| 100 | |a García Camarero, Ernesto |e (autor) | ||
| 245 | 1 | 3 | |a La biblioteca digital / |c E. García Camarero, L.A. García Melero. |
| 264 | 4 | |a Madrid, España : |b Arco Libros, |c 2001, c2001 | |
| 300 | |a 380 p. | ||
| 336 | |a texto |b txt |2 rdacontenido | ||
| 337 | |a sin mediación |b n |2 rdamedio | ||
| 338 | |a volumen |b nc |2 rdasoporte | ||
| 440 | 1 | |a (Instrumenta Bibliológica) | |
| 520 | |a Obra en que se hace una introducción a qué son y cómo se conforman las bibliotecas digitales, entendidas éstas como el conjunto de documentos, materiales, publicaciones, recursos u objetos digitales existentes en servidores accesibles a través de redes, que necesita ser organizado para que cualquier persona, sin importar su situación geográfica, pueda tener acceso a ellos. La primera parte del libro ofrece información general sobre los procedimientos utilizados por la humanidad para registrar, almacenar y conservar la información; la segunda parte trata sobre la propiedad intelectual de los recursos electrónicos y el comercio del libro electrónico, a la vez que aborda la seguridad de las redes y de la información que a través de ellas se trasmite. El tercero ofrece un tratado de biblioteconomía digital: la administración, control, selección, adquisición, clasificación de materiales electrónicos y la gestión de las bibliotecas o centros de información digitales. | ||
| 649 | |a XX | ||
| 650 | |a Automatización | ||
| 650 | |a Información - |x Administración | ||
| 650 | |a Información - |x Clasificación | ||
| 650 | |a Documentos - |x Administración | ||
| 650 | |a Adquisiciones (Bibliotecas) | ||
| 650 | |a Desarrollo de Colecciones (Bibliotecas) | ||
| 650 | |a Proceso de Datos | ||
| 650 | |a Publicaciones Electrónicas | ||
| 650 | |a Negocios en Internet | ||
| 650 | |a Propiedad Intelectual | ||
| 650 | |a Internet | ||
| 650 | |a Sistemas de Información | ||
| 650 | |a Uso de Computadoras (Políticas) | ||
| 650 | |a Redes de Computadoras - |x Seguridad | ||
| 650 | |a Redes de Comunicación - |x Seguridad | ||
| 650 | |a Informática | ||
| 650 | |a Tecnologías de Comunicación e Información | ||
| 650 | |a Bibliotecas Digitales - |x Clasificación | ||
| 650 | |a Centros de Información | ||
| 650 | |a Biblioteconomía | ||
| 700 | |a García Melero, Luis Angel |e (autor) | ||
| 910 | |a Fondo General | ||
| 920 | |a Impresos - Libros | ||
| 930 | |a Obras de Referencia | ||
| 940 | |a Biblioteconomía | ||
| 905 | |a 102 | ||
| 901 | |a 0500125784 |b IT2 |c REF |u 20250521 | ||
| 902 | |a https://opac.biblio.iteso.mx/vufind/Record/000184730 | ||